| 000 | 00425cam a22001574a 4500 | ||
|---|---|---|---|
| 020 | _a0471438812 (cloth : alk. paper) | ||
| 082 | 0 | 0 |
_a620.112 _bBOR/AD |
| 100 | 1 | _aBoresi, Arthur P. | |
| 245 | 1 | 0 | _aAdvanced mechanics of materials / |
| 250 | _a6th ed. | ||
| 260 |
_aNew Delhi: _bWiley India _cc2003. |
||
| 300 |
_axiii, 681 p. : _bill. ; |
||
| 650 | 0 | _aStrength of materials. | |
| 700 | 1 | _aSchmidt, Richard J. | |
| 942 | _cBK | ||
| 999 |
_c13957 _d13957 |
||